CHP Genel Başkan Yardımcısı ve Parti Sözcüsü Halk Koç'un 2012-2016 konuşmaları (Record no. 13412)
[ view plain ]
| 000 -BAŞLIK | |
|---|---|
| Sabit Uzunlukta Kontrol Alanı | 01201na a2200301 4500 |
| 999 ## - SİSTEM KONTROL NUMARALARI (KOHA) | |
| Koha Biblionumber | 13412 |
| Koha Biblioitemnumber | 13412 |
| 001 - KONTROL NUMARASI | |
| Denetim Alanı | 18089 |
| 003 - KONTROL NUMARASI IDENTIFIER | |
| Denetim Alanı | MIRAKIL |
| 005 - SON İŞLEM TARİHİ VE ZAMANI | |
| Denetim Alanı | 20190717114959.0 |
| 008 - SABİT-BOY VERİ ELEMANLARI - GENEL BİLGİLER | |
| Sabit Uzunlukta Kontrol Alanı | 170131b tu 000 0 |
| 035 ## - SİSTEM KONTROL NUMARASI | |
| Sistem Kontrol Numarası | 18089 |
| 040 ## - KATALOGLAMA KAYNAK | |
| Orijinal Kataloglama Ajansı | Milas |
| Kataloglama Dili | tur |
| Metne Dönüştürmek Ajansı | TR-AnCHP |
| 041 ## - DİL KODU | |
| Metin / Ses Parça Veya Ayrı Başlığın Dil Kodu | tur |
| 082 ## - DEWEY ONLU SINIFLANDIRMA NUMARASI | |
| Sınıflandırma Numarası | 324.2372092 |
| Ürün Numarası | C36c 2016 |
| 090 ## - SINIFLAMA NUMARASI | |
| Sınıflama Numarası | 324.2372092 C36c 2016 |
| 110 ## - ANA GİRİŞ - KURUMSAL ADI | |
| Giriş Elemanı Olarak Kurumsal Ad Veya Yargı Alanı Adı | Cumhuriyet Halk Partisi (CHP) |
| 245 ## - BAŞLIK TABLOSU | |
| Başlık | CHP Genel Başkan Yardımcısı ve Parti Sözcüsü Halk Koç'un 2012-2016 konuşmaları |
| Sorumluluk Tablosu, Vb | [derleyen] CHP |
| 260 ## - YAYIN, DAĞITIM, VB | |
| Yayın, Dağıtım, Vb Yeri | Ankara |
| Yayıncı, Dağıtıcı, Vs Adı | CHP |
| Yayın, Dağıtım, Vb Tarihi | 2016 |
| 300 ## - FİZİKSEL TANIM | |
| Kapsam | 3 c. |
| Boyutlar | 24 cm. |
| 440 ## - SERİSİ TABLOSU / KATMA GİRİŞİ - BAŞLIK | |
| Başlık | Cumhuriyet Halk Partisi yayınları |
| 505 ## - BİÇİMLENDİRİLDİ İÇİNDEKİLER NOT | |
| Biçimlendirilmiş İçeriği Dikkat | c.1: 31 Temmuz-25 Aralık 2012 ve 02 Ocak-11 Eylül 2013 - C.2: 19 Eylül- 26 Aralık 2013 ve 08 Ocak-05 Kasım 2014. - c.3: 12 Kasım - 30 Aralık 2014 - 07 Ocak-30 Aralık 2015 ve 06 Ocak-17 Kasım 2016 |
| 600 ## - KONU KATMA GİRİŞ - KURUMSAL ADI | |
| Kişisel Ad | Koç, Haluk |
| Başlıklar Ve Bir Adla İlişkili Diğer Kelimeler | CHP parti sözcüsü |
| Genel Alt Bölümü | Siyasal ve sosyal görüşler |
| Kronolojik Alt Bölümü | Konuşmalar |
| -- | Basın açıklamaları |
| 610 ## - KONU KATMA GİRİŞ - TOPLANTI ADI | |
| Giriş Elemanı Olarak Kurumsal Ad Veya Yargı Alanı Adı | CHP Parti sözcüleri |
| Genel Alt Bölüm | Konuşmalar |
| Kronolojik Alt Bölüm | 2012-2016 |
| 650 ## - KONU KATMA GİRİŞ - TOPİKAL DÖNEM | |
| Topikal Süreli Veya Coğrafi Ad Giriş Elemanı | CHP |
| Genel Alt Bölümü | Basın açıklamaları |
| Kronolojik Alt Bölümü | 2012-2016 |
| 651 ## - KONU KATMA GİRİŞ - COĞRAFİ ADI | |
| Coğrafi İsim | Türkiye |
| Genel Alt Bölümü | Siyaset ve yönetim |
| Kronolojik Alt Bölümü | 2002- |
| 830 ## - SERİSİ EKLENDİ GİRİŞ - ÜNİFORM ADI | |
| Üniforma Başlık | CHP yayınları |
| 942 ## - EKLENDİ GİRİŞ ELEMANLARI (KOHA) | |
| Koha Öğesi Türü | Books |
| Sınıflandırma Veya Raf Düzeni Kaynak | Dewey Decimal Classification |
| 999 ## - SİSTEM KONTROL NUMARALARI (KOHA) | |
| Koha Biblioitemnumber | 8563 |
| Kalıcı Konum | Mevcut Konum | Edinme Tarihi | Toplam Check-Out'Lar | Tam Çağrı Numarası | Barkod | Tarih Son Görülme | Kopya Sayısı | İtibaren Geçerli Fiyatlar | Koha Öğesi Türü |
|---|---|---|---|---|---|---|---|---|---|
| Parti Okulu Kütüphanesi | Parti Okulu Kütüphanesi | 07/17/2019 | 324.2372092 C36c 2016 | P00549 | 07/17/2019 | c.1 | 07/17/2019 | Books | |
| Parti Okulu Kütüphanesi | Parti Okulu Kütüphanesi | 07/17/2019 | 324.2372092 C36c 2016 | P00550 | 07/17/2019 | c.2 | 07/17/2019 | Books | |
| Parti Okulu Kütüphanesi | Parti Okulu Kütüphanesi | 07/17/2019 | 324.2372092 C36c 2016 | P00551 | 07/17/2019 | c.3 | 07/17/2019 | Books |
